| 000 | 00355nam a22001457a 4500 | ||
|---|---|---|---|
| 008 | 210310b ||||| |||| 00| 0 eng d | ||
| 020 | _a0387901000 | ||
| 041 | _aeng | ||
| 080 | _a510 | ||
| 082 | _a510 | ||
| 100 | _a36 | ||
| 101 | _aMAT | ||
| 245 |
_aNumerical Quadrature and Solution of Ordinary Differential Equations _cStroud,A.H |
||
| 942 |
_2udc _cBK |
||
| 999 |
_c56172 _d56172 |
||